| 000 | | | 04461nac2a22003013x 450 |
| 001 | | | f68cac4e-b589-4168-9254-48b32ba94045 |
| 005 | | | 20211213161032.0 |
| 100 | ## | $a | 20211120l19101915k y0rusy50 ca |
| 101 | 0# | $a | rus |
| | $a | fre |
| 102 | ## | $a | RU |
| 105 | ## | $a | y z |||e| |
| 122 | 2# | $a | d19100812 |
| | $a | d19150121 |
| 200 | 1# | $a | Письма княгини Барятинской Софьи Шиллингу М. Ф. |
| | $j | 12 августа 1910 - 21 января 1915 |
| 215 | ## | $a | 24 листа |
| 251 | ## | $c | Дело |
| 300 | ## | $a | На папке дела: 12/10-1910 - 21/1-1915 |
| 300 | ## | $a | В деле имеются документы без дат |
| 300 | ## | $a | Часть текста на французском и итальянском языках |
| 300 | ## | $a | Листы: 1, 4, 10, 13, 14, 17, 21 - конверты с марками и почтовыми штемпелями; 9 - газетная вырезка (итал.); 24 - конверт-письмо с маркой |
| 300 | ## | $a | Рукописный и типографский текст |
| 330 | ## | $a | Входит в раздел описи: 3. Документы о научной и литературной деятельности барона Шиллинга М. Ф.. Письма разных лиц Шиллингу М. Ф. |
| 461 | #0 | $1 | 001ff9fc58f-089b-437b-980d-902343bc59d8 |
| | $1 | 2001 |
| | $a | Шиллинг Маврикий Фабианович, барон, секретарь русского посольства в Вене |
| | $1 | 251 |
| | $c | Фонд |
| | $1 | 852 |
| | $j | 813 |
| 462 | #0 | $1 | 001665c067c-d934-4316-b9df-5bf0ad49190b |
| | $1 | 2001 |
| | $a | Дела постоянного хранения. 1817-1917 |
| | $v | Д. 158 |
| | $1 | 251 |
| | $c | Опись |
| | $1 | 852 |
| | $j | 1 |
| 600 | #1 | $a | Шиллинг |
| | $b | М. Ф. |
| | $c | барон |
| | $g | Маврикий Фабианович |
| 600 | #1 | $a | Барятинская |
| | $b | С. |
| | $c | княгиня |
| | $g | Софья |
| 801 | #0 | $a | RU |
| | $b | GA_RF |
| 801 | #1 | $a | RU |
| | $b | ГлавНИВЦ |
| | $c | 20211120 |
| | $2 | rusmarc |
| 801 | #2 | $a | RU |
| | $b | ПБ им. Б.Н. Ельцина |
| | $c | 20211213 |
| | $g | RCR |
| | $2 | rusmarc |
| 852 | ## | $a | ГА РФ |
| | $j | 158 |
| 937 | ## | $d | 171525266 |
| | $h | ГАРФ |
| 035 | ## | $a | RuPRLIB51060895 |
| 856 | ## | $u | http://readingroom.main.prlib.ru/item.aspx?id_node=n171525266&mode=full |